Welcome to WEB OPAC of MRSPTU Central Library

Advances in material science for engineers and technologies (Record no. 3902)

MARC details
000 -LEADER
fixed length control field 00390nam a2200145Ia 4500
008 - FIXED-LENGTH DATA ELEMENTS--GENERAL INFORMATION
fixed length control field 230711s9999||||xx |||||||||||||| ||und||
041 ## - LANGUAGE CODE
Language code of text/sound track or separate title ENG
082 ## - DEWEY DECIMAL CLASSIFICATION NUMBER
Classification number 4
Item number DO-M
100 ## - MAIN ENTRY--PERSONAL NAME
Personal name Dogra ,Rakesh
245 #0 - TITLE STATEMENT
Title Advances in material science for engineers and technologies
250 ## - EDITION STATEMENT
Edition statement 4th Ed.
260 ## - PUBLICATION, DISTRIBUTION, ETC.
Date of publication, distribution, etc. 2002
Place of publication, distribution, etc. New Delhi
Name of publisher, distributor, etc. S.K Kataria & Sons
650 ## - SUBJECT ADDED ENTRY--TOPICAL TERM
Topical term or geographic name entry element Mechanical Engineering
942 ## - ADDED ENTRY ELEMENTS (KOHA)
Koha item type Book
Holdings
Withdrawn status Lost status Damaged status Not for loan Collection Home library Current library Date acquired Total checkouts Full call number Barcode Date last seen Date last checked out Price effective from Koha item type
          MRSPTU Central Library MRSPTU Central Library   5 4 DO-M 13304 06/05/2025 05/27/2025 08/17/2023 Book
          MRSPTU Central Library MRSPTU Central Library     4 DO-M 13305 08/17/2023   08/17/2023 Book
          MRSPTU Central Library MRSPTU Central Library     4 DO-M 13306 08/17/2023   08/17/2023 Book
          MRSPTU Central Library MRSPTU Central Library     4 DO-M 13307 08/17/2023   08/17/2023 Book
          MRSPTU Central Library MRSPTU Central Library     4 DO-M 13308 08/17/2023   08/17/2023 Book
          MRSPTU Central Library MRSPTU Central Library     4 DO-M 13309 08/17/2023   08/17/2023 Book
          MRSPTU Central Library MRSPTU Central Library   1 4 DO-M 13310 03/25/2025 03/03/2025 08/17/2023 Book
          MRSPTU Central Library MRSPTU Central Library     4 DO-M 13311 08/17/2023   08/17/2023 Book
          MRSPTU Central Library MRSPTU Central Library     4 DO-M 13312 08/17/2023   08/17/2023 Book
          MRSPTU Central Library MRSPTU Central Library     4 DO-M 13313 08/17/2023   08/17/2023 Book

Website Designed and Developed by MRSPTU Central Library Team

E-mail Id: librarian@mrsptu.ac.in